La grande industrie chimique Francaise

Na minha lista:
Detalhes bibliográficos
Autor principal: Sudrez, J. P.
Formato: Livro
Idioma:Undetermined
Publicado em: Paris La Documentation Francaise [ 1990 ]
Assuntos:
Tags: Adicionar Tag
Sem tags, seja o primeiro a adicionar uma tag!
Thư viện lưu trữ: Trung tâm Học liệu Trường Đại học Cần Thơ
LEADER 00498nam a2200181Ia 4500
001 CTU_84089
008 210402s9999 xx 000 0 und d
082 |a 338.4 
082 |b S943 
100 |a Sudrez, J. P. 
245 0 |a La grande industrie chimique Francaise 
245 0 |c J. P. Sudrez 
260 |a Paris 
260 |b La Documentation Francaise 
260 |c [ 1990 ] 
650 |a Chemical industries 
904 |i QHieu(sửa) 
980 |a Trung tâm Học liệu Trường Đại học Cần Thơ